Las guerras digitales: Apple, Google, Microsoft y la batalla por internet
Gorde:
| Egile nagusia: | |
|---|---|
| Formatua: | Liburua |
| Hizkuntza: | gaztelania |
| Argitaratua: |
Cuernavaca
Océano de México
2015
|
| Edizioa: | 1a. ed |
| Gaiak: | |
| Etiketak: |
Etiketa erantsi
Etiketarik gabe, Izan zaitez lehena erregistro honi etiketa jartzen!
|
MARC
| LEADER | 00000cam a2200000 a 4500 | ||
|---|---|---|---|
| 001 | UCC5928 | ||
| 003 | CL-VaPUC | ||
| 008 | 181109e20150000mx |||||||||||||||||spa|d | ||
| 020 | |a 9786077352051 | ||
| 082 | 0 | 4 | |a 338.470040973 |b ART |2 21 |
| 100 | 0 | |a Arthur, Charles |e author |9 600364 | |
| 245 | 1 | 4 | |a Las guerras digitales: Apple, Google, Microsoft y la batalla por internet |
| 250 | |a 1a. ed | ||
| 300 | |a 287 p | ||
| 942 | |c BK | ||
| 945 | |d 20181109 15:19:00 |a dcastane | ||
| 260 | |a Cuernavaca |b Océano de México |c 2015 | ||
| 650 | 0 | |a Internet |9 254823 | |
| 650 | 0 | |a Comunicación digital |9 260754 | |
| 650 | 7 | |a INNOVACIONES TECNOLOGICAS |2 CL-VaPUC |9 600365 | |
| 583 | |a last modification |c 20181109 15:19:00 |k Rodrigo Vera | ||
| 999 | |c 373031 |d 373029 | ||
| 952 | |0 0 |1 0 |3 erb |4 0 |6 338_470040973000000_ART_2015 |7 0 |8 A |9 490944 |a BIBCUR |b BIBCUR |i 5512042 |o 338.470040973 ART 2015 |p 5512042 |r 2025-04-22 |w 2019-11-24 |y BK |z Catalogado en:20181109 |k PER | ||
| 952 | |0 0 |1 0 |3 erb |4 0 |6 338_470040973000000_ART_2015 |7 0 |8 A |9 490945 |a BIBCUR |b BIBCUR |i 5512034 |o 338.470040973 ART 2015 |p 5512034 |r 2025-04-22 |w 2019-11-24 |y BK |z Catalogado en:20181109 |k PER | ||